| 000 | 00511cam a2200181ua 4500 | ||
|---|---|---|---|
| 020 | _c450.00 | ||
| 041 |
_aeng _h |
||
| 082 |
_a515.6124 _bCHA/AP |
||
| 100 | _aChapra, Steven C . | ||
| 245 |
_aApplied numerical methods with MATLAB for engineers and scientists / _cSteven C Chapra. _hTextual Documents |
||
| 250 |
_a2 / _b. |
||
| 260 |
_aNew Delhi : _bTata Mc-Graw Hill Publishing Company , _c2008. |
||
| 300 | _a588 ; . | ||
| 365 | _a450.00 | ||
| 504 | _a | ||
| 942 | _cBK | ||
| 999 |
_c13419 _d13419 |
||